Central Library OPAC University of Rajshahi

প্রাচীন ভারতের বিজ্ঞান সাধক / (Record no. 54447)

MARC details
000 -LEADER
fixed length control field 01032nam a2200253 a 4500
001 - CONTROL NUMBER
control field 54447
003 - CONTROL NUMBER IDENTIFIER
rucl marc code BD-RjUL
005 - DATE AND TIME OF LATEST TRANSACTION
control field 20211209080125.0
008 - FIXED-LENGTH DATA ELEMENTS--GENERAL INFORMATION
fixed length control field 161106s2012 bg ||||| |||| 00| 0 ben d
020 ## - INTERNATIONAL STANDARD BOOK NUMBER
International Standard Book Number 978984898800473
Terms of availability : TK 220.00
035 ## - SYSTEM CONTROL NUMBER
System control number (BD-RjUL)54569
040 ## - CATALOGING SOURCE
Original cataloging agency BD-RjUL
Language of cataloging ben/eng
Transcribing agency BD-RjUL
041 ## - LANGUAGE CODE
Language code of text/sound track or separate title ben
082 ## - DEWEY DECIMAL CLASSIFICATION NUMBER
Edition number 23
Classification number 509.2254
Author mark and year PAP 2012
100 1# - MAIN ENTRY--PERSONAL NAME
Personal name পাল, নিশীথ কুমার
9 (RLIN) 119563
245 10 - TITLE STATEMENT
Title প্রাচীন ভারতের বিজ্ঞান সাধক /
Statement of responsibility, etc. নিশীথ কুমার পাল
260 ## - PUBLICATION, DISTRIBUTION, ETC. (IMPRINT)
Place of publication, distribution, etc. ঢাকা :
Name of publisher, distributor, etc. বিজয় প্রকাশ,
Date of publication, distribution, etc. ২০১২
300 ## - PHYSICAL DESCRIPTION
Pagination ১৭৬ পৃ. ;
Size ২১ সেমি.
650 ## - SUBJECT ADDED ENTRY--TOPICAL TERM
Topical term or geographic name as entry element বিজ্ঞানী
Geographic subdivision ভারত
General subdivision ইতিহাস
9 (RLIN) 235761
Topical term or geographic name as entry element Scientists
Geographic subdivision India
General subdivision History
9 (RLIN) 235762
Topical term or geographic name as entry element বিজ্ঞানী
Geographic subdivision ভারত
General subdivision সংগৃহীত জীবনী
9 (RLIN) 235763
Topical term or geographic name as entry element Scientists
Geographic subdivision India
General subdivision Collected Biography
9 (RLIN) 235764
942 ## - ADDED ENTRY ELEMENTS (KOHA)
Source of classification or shelving scheme Dewey Decimal Classification
Koha item type Books
Holdings
Lost status Source of classification or shelving scheme Damaged status Not for loan Collection code Permanent Location Current Location Shelving location Date acquired Source of acquisition Cost, normal purchase price Total Checkouts Full call number Date last seen Copy number Koha item type Date checked out
  Dewey Decimal Classification     Non-fiction Central Library, University of Rajshahi Central Library, University of Rajshahi   11/07/2012 The Author, Rajshahi 220.00   B 509.2254 PAP 2012 06/11/2016 C-2 Books  
  Dewey Decimal Classification   Not For Loan Non-fiction Central Library, University of Rajshahi Central Library, University of Rajshahi Reading Room 11/07/2012 The Author, Rajshahi 220.00   B 509.2254 PAP 2012 01/12/2019 C-1 Books  
  Dewey Decimal Classification     Non-fiction Central Library, University of Rajshahi Central Library, University of Rajshahi   11/07/2012 The Author, Rajshahi 220.00   B 509.2254 PAP 2012 01/12/2019 C-3 Books  
  Dewey Decimal Classification     Non-fiction Central Library, University of Rajshahi Central Library, University of Rajshahi   11/07/2012 The Author, Rajshahi 220.00 1 B 509.2254 PAP 2012 23/11/2021 C-4 Books 15/11/2021